| 000 | 00947nam a2200373Ia 4500 | ||
|---|---|---|---|
| 001 | 7251 | ||
| 005 | 20240113234005.0 | ||
| 007 | ta | ||
| 008 | 050704s1993 a g b000 u eng u | ||
| 020 | _cHB | ||
| 040 | _aCoptton College,Assa | ||
| 041 | _aeng | ||
| 082 |
_a553 _bSe 55 Ha |
||
| 100 | _aSen, Ajoy Kumar . | ||
| 245 | 0 |
_aA Handbook of Economic Geology / _cAjoy Kumar Sen, P.K. Guha. _hTextual Documents |
|
| 250 | _a3rd ed. / | ||
| 260 |
_aCalcutta : _bModern Book Agency , _c1993. |
||
| 300 |
_avii, 332p. : _bill. ; _c22cm . |
||
| 504 | _aIndex | ||
| 653 | _aGeology-Economic geology | ||
| 653 | _aEconomic geology | ||
| 653 | _aPG-Geology | ||
| 653 | _aG-Geology | ||
| 653 | _aT/G-Geology | ||
| 700 | _aGuha, P.K. . | ||
| 942 |
_2ddc _cBK |
||
| 999 |
_c7238 _d7238 |
||